Islam aqidah dan syari'ah
| Main Author: | |
|---|---|
| Format: | Book |
| Published: |
Kuala Lumpur :
Pustaka Al-Ameen ,
1988
|
| Subjects: |
MARC
| LEADER | 00000cam a2200000 7i4500 | ||
|---|---|---|---|
| 001 | 0000008954 | ||
| 002 | 000009755 | ||
| 005 | 20091006.0 | ||
| 020 | |a 9838550019 | ||
| 090 | 0 | 0 | |a 297 |b MAH |
| 100 | 1 | |a Mahmud Syaltut |f Prof.Dr | |
| 245 | 1 | 0 | |a Islam aqidah dan syari'ah |c Prof.Dr.Mahmud Syaltut |
| 255 | |a Siri ke 2 | ||
| 260 | |a Kuala Lumpur : |b Pustaka Al-Ameen , |c 1988 | ||
| 300 | |a 803 p. ; |c 21 cm. | ||
| 650 | 0 | 0 | |a Sharia (Islamic religious practice) |
| 999 | |a 043764 |b BUKU |c PINJAMAN |e PERPUSTAKAAN KOMUNITI PETALING JAYA | ||